000 00704pam a2200217 a 4500
001 2542415
005 20180215040139.0
008 940627s1995 caua 001 0 eng
010 _a 94028751
020 _a0534168361 (acidfree, recycled paper)
040 _aDLC
_cDLC
_dDLC
041 _aeng
080 _a519.5 geo
082 0 0 _a519.5 geo
_220
100 1 _a61
101 _abus
245 1 0 _aModern business statistics /
_cGeorge C. Canavos, Don M. Miller.
906 _a7
_bcbc
_corignew
_d1
_eocip
_f19
_gy-gencatlg
942 _2ddc
_cBK
999 _c42598
_d42598